1408 1531 1163 1305 1676 1363 1368 1826 1052 1754 1837 1557 1596 1337 1705 1106 1761 1303 1811 1823 1240 1142 1881 1330 1525 1473 1549 1116 1264 1380 1624 1082 1124 1309 1996 1422 1318 1844 1533 1131 1257 1420 1633 1952 1992 1868 1820 2000 1336 1879 1440 1567 1866 1957 1584 1457 1691 1649 1415 1222 1933 1021 1039 1697 1329 1707 1877 1527 1684 1142 1570 1109 1478 1585 1358 1299 1897 1043 1341 1311 1315 1439 1291 1935 1449 1242 1676 1281 1109 1046 1673 1758 1666 1505 1540 1677 1834 1046 1081 BCNSPRNW ULIB Ver.6.0+V

เปลี่ยนเป็นภาษาไทย

Change to English
 แสดงรายละเอียดบรรณานุกรม
  กลับหน้าหลัก

Brief Record : Get Marc (ISO 2709) : E-mail record : QR code < ปิดหน้าต่าง
LEADER : 00000nam 2200000uu 4500
001    13399114230
003     ULIB
008    120305s2554||||th 000 0 tha d
020    ^a9789740326144
060 04 ^aWM171^bส661ร 2554
100 0  ^aสายฝน เอกวรางกูร
245 10 ^aรู้จัก เข้าใจ ดูแล ภาวะซึมเศร้า /^cสายฝน เอกวรางกูร
246 30 ^aภาวะซึมเศร้า
250    ^aพิมพ์ครั้งที่ 2
260    ^aกรุงเทพฯ :^bสำนักพิมพ์แห่งจุฬาลงกรณ์มหาวิทยาลัย,^c2554
300    ^a229 หน้า :^bภาพประกอบ ;^c21 ซม.
650  4 ^aความซึมเศร้า
650  4 ^aความซึมเศร้า^xการรักษา
945    ^p175^l0^i18897
995    ^aกัณชพร
999 ^a ใช้งานได้ทุกระบบ
รายการนี้ยังไม่มีแท็ก
คุณยังไม่ได้ล็อกอิน คุณสามารถมีกิจกรรมร่วมกับเว็บไซต์ได้ แต่ต้องล็อกอินก่อน ::
  ล็อกอิน

รายการสื่อสารสนเทศ

ลำดับที่ ประเภท เลขเรียก/บาร์โค้ด สถานที่ สถานะ
1. วิทยาศาสตร์การแพทย์ และสุขภาพ
วิทยาศาสตร์การแพทย์ และสุขภาพ
สถานะ=หนังสือเก่า
WM171 ส661ร 2554  
  Barcode: 18897
ห้องสมุดวิทยาเขตนครสวรรค์
►ส่วนจัดเก็บหนังสือเก่า นว.
บนชั้น
  ขอยืม

รายการใกล้เคียง
    ผู้แต่ง [สายฝน เอกวรางกูร]

    หัวเรื่อง [ความซึมเศร้า]

BibComment


ยังไม่เคยถูกคอมเมนท์

คอมเมนท์ทรัพยากรรายการนี้
  คอมเมนท์: รู้จัก เข้าใจ ดู..


 Copyright 2026. Bcnsprnw @Library